[Event "34th Cannes Open 2020"]
[Site "Cannes"]
[Date "2020.02.18"]
[Round "2.5"]
[White "Siva Mahadevan"]
[Black "Fier, Alexandr"]
[Result "1/2-1/2"]
[WhiteElo "2310"]
[BlackElo "2539"]
[Annotator "TA"]
[PlyCount "89"]
[EventDate "2020.02.17"]
[EventType "swiss"]
[EventCountry "FRA"]
[SourceTitle "playchess.com"]
[Source "ChessBase"]
[SourceQuality "1"]

{[%evp 22,89,35,41,44,26,28,27,43,35,44,0,0,0,0,0,0,0,0,0,28,25,17,26,230,239,243,241,244,214,518,523,526,526,516,522,475,265,265,265,445,445,445,445,445,445,445,445,445,445,445,445,445,445,445,445,445,445,445,445,445,445,445,445,445,0,445,0,445,0]} 1. e4 c5 2. Nf3 e6 3. d4 cxd4 4. Nxd4 Nc6 5. Nc3 a6 6. Be2 d6 7. O-O Nf6 8. Be3 Be7 9. f4 O-O 10. a4 Bd7 11. Nb3 b6 12. Bf3 Rb8 {B85: Sicilian Scheveningen: 6 Be2 a6, lines with early Be3.} 13. g4 h6 14. Qe2 b5 {White has an edge.} 15. axb5 axb5 16. Nxb5 d5 {[#]} 17. Nc3 $146 ({Predecessor:} 17. exd5 Nxd5 18. Bxd5 exd5 19. N5d4 Nxd4 20. Bxd4 Bb5 21. Qd2 Bxf1 22. Rxf1 Bf6 23. Qc3 Bxd4+ 24. Nxd4 {0-1 (46) G,A (2411)-Fier,A (2551) Sharjah 2019}) 17... dxe4 18. Nxe4 Nd5 19. Nec5 $36 {[%mdl 2048] White is more active.} Nxe3 20. Qxe3 {[#] And now Rfd1 would win.} Be8 21. Nxe6 fxe6 22. Bxc6 $1 Rxb3 $2 (22... Qc7 $11 {and Black has nothing to worry.} 23. Bxe8 (23. Qxe6+ Bf7 $14) 23... Rfxe8) 23. cxb3 $18 {Strongly threatening Ra8.} Qc8 24. Rac1 {Hoping for Bxe8.} Bxc6 {[#]} 25. Qb6 $1 Bd5 $2 (25... e5 {is a better chance.} 26. Qxc6 Qxg4+ 27. Qg2 Rxf4 28. Rxf4 Qxf4 29. Qd5+ Kh8) 26. Rxc8 Rxc8 27. b4 Rc4 28. Rd1 Rxb4 29. Qa5 (29. Qc7 $142 Bf8 30. Rd2) 29... Rxf4 30. Rxd5 Rxg4+ $2 (30... exd5 {is a better defense.} 31. Qxd5+ Kf8) 31. Kh1 exd5 32. Qxd5+ {[%mdl 4096] Endgame KQ-KRB} Kh8 33. Qe6 Rb4 34. Qxe7 Rxb2 {KQ-KR} 35. Qd8+ Kh7 36. Qd4 Rb8 37. Qd6 Rb7 38. Qe6 {Intending Qe4+ and mate.} Rb8 39. Qf5+ Kh8 40. Qc5 Kg8 41. Qd5+ Kh7 42. Qe4+ Kg8 43. Qe6+ Kh7 44. Qd6 Rb7 $1 45. Qe6 $2 {Accuracy: White = 85%, Black = 72%.} (45. h4 $18) 1/2-1/2

[Event "34th Cannes Open 2020"]
[Site "Cannes"]
[Date "2020.02.18"]
[Round "2.6"]
[White "Sadzikowski, Daniel"]
[Black "Lumachi, Gabriele"]
[Result "1-0"]
[WhiteElo "2514"]
[BlackElo "2308"]
[Annotator "TA"]
[PlyCount "59"]
[EventDate "2020.02.17"]
[EventType "swiss"]
[EventCountry "FRA"]
[SourceTitle "playchess.com"]
[Source "ChessBase"]
[SourceQuality "1"]

{[%evp 9,59,26,35,0,0,7,14,0,29,25,22,22,23,21,33,30,44,45,49,50,55,50,54,50,81,100,100,86,200,190,193,191,190,162,331,333,329,335,326,327,416,389,519,518,508,516,618,607,580,559,540,471]} 1. e4 e5 2. Nf3 Nc6 3. Bb5 Nf6 4. d3 d6 5. O-O Be7 6. c4 {C66: Ruy Lopez: Steinitz Defence.} O-O 7. h3 a6 8. Ba4 {The position is equal.} Bd7 {8...Nd4 is becoming the main line.} 9. Be3 Re8 10. Nc3 h6 11. Re1 Bf8 12. Rc1 Ne7 {[#]} 13. Bxd7 $146 ({Predecessor:} 13. d4 Bxa4 14. Qxa4 exd4 15. Bxd4 Ng6 16. Rcd1 Nd7 17. Rd2 c6 18. Qd1 Qa5 19. a3 Nde5 20. b4 Nxf3+ 21. Qxf3 Qxa3 22. Rb1 {1-0 (22) Conquest,S (2495)-Wengenroth,W Neuwied 1993}) 13... Nxd7 14. d4 exd4 15. Nxd4 Ne5 16. b3 g6 17. f4 N5c6 18. f5 gxf5 (18... Nxd4 $16 {is a better defense.} 19. Qxd4 (19. Bxd4 Nc6 $11) 19... Nc6) 19. exf5 $18 Bg7 20. Nxc6 Nxc6 21. Nd5 Ne5 $2 (21... Qh4 22. Nxc7 Rxe3 23. Rxe3 Bd4) 22. Qh5 c6 23. Bb6 Qd7 24. Nc7 {[%mdl 64] [#] Double Attack} c5 {and the idea ...Nd3 leaves Black hopeful.} 25. Rcd1 ({Less strong is} 25. Nxe8 Rxe8 26. Rcd1 Nc6 $18) (25. Nxa8 Nd3 $18) 25... Qc6 26. Nxa8 {White is clearly winning.} Rxa8 27. Ba5 Nd7 28. Bd2 d5 29. cxd5 Qd6 30. Qh4 {Accuracy: White = 95%, Black = 54%.} 1-0

[Event "34th Cannes Open 2020"]
[Site "Cannes"]
[Date "2020.02.18"]
[Round "3.1"]
[White "Zeng, Chongsheng"]
[Black "Maurizzi, Marc Andria"]
[Result "1-0"]
[WhiteElo "2567"]
[BlackElo "2432"]
[Annotator "TA"]
[PlyCount "71"]
[EventDate "2020.02.17"]
[EventType "swiss"]
[EventCountry "FRA"]
[SourceTitle "playchess.com"]
[Source "ChessBase"]
[SourceQuality "1"]

{[%evp 19,71,16,22,18,18,17,19,0,12,30,23,25,29,35,36,35,23,27,28,14,27,12,28,-23,-17,-34,-18,-34,-7,-9,15,0,3,0,152,151,160,162,267,266,347,345,412,412,412,412,412,412,472,427,427,427,406,401]} 1. c4 b6 2. d4 Bb7 3. Nc3 e6 4. a3 Nf6 5. Nf3 Ne4 6. Nxe4 Bxe4 7. Bf4 Be7 8. e3 O-O 9. Be2 d6 10. O-O c5 11. Bg3 {E12: Queen's Indian: Unusual White 4th moves, 4 a3, 4 Nc3 Bb7 5 a3 and 4 Nc3 Bb7 .} Nd7 {[#]} 12. b4 $146 ({Predecessor:} 12. dxc5 dxc5 13. Qa4 Qc8 14. Rfd1 Bc6 15. Qc2 Qb7 16. Ne1 Rfe8 17. Bf3 Bxf3 18. Nxf3 Bf6 19. Rd2 e5 20. Qf5 Re6 {0-1 (20) Krockert,E-Tempelhoff,W DDR 1987}) 12... Nf6 13. Nd2 {The position is equal.} d5 14. dxc5 bxc5 15. b5 Bg6 16. a4 {[%cal Ba3a4,Ba4a5][%mdl 32]} Bd6 17. a5 Bxg3 18. hxg3 Rb8 19. Qb3 Qd7 20. Rfd1 Rfd8 21. Qa3 (21. Qa4 $142) 21... dxc4 $11 22. Nxc4 Qxb5 23. f3 Rxd1+ 24. Rxd1 Nd5 25. e4 Nb4 26. Qb2 Qe8 $2 {[#]} ({Better is} 26... f6 $11) 27. Qe5 $1 $16 Qf8 28. Nd6 h6 (28... Rd8 $142) 29. Qxc5 $18 Qe7 30. Rb1 Na6 31. Rxb8+ Nxb8 32. Qc8+ Qf8 {If Black can now play ...Qxc8 this consolidates a bit.} 33. a6 f6 {[#]} ({Much worse is} 33... Qxc8 34. Nxc8 f5 35. exf5 $18) 34. Bc4 $1 {[%mdl 512]} Qxc8 35. Nxc8 Nc6 36. Bb5 {Accuracy: White = 95%, Black = 62%.} 1-0

[Event "34th Cannes Open 2020"]
[Site "Cannes"]
[Date "2020.02.18"]
[Round "3.2"]
[White "Rakotomaharo, Fy Antenaina"]
[Black "Antal, Gergely"]
[Result "1-0"]
[WhiteElo "2430"]
[BlackElo "2562"]
[Annotator "TA"]
[PlyCount "77"]
[EventDate "2020.02.17"]
[EventType "swiss"]
[EventCountry "FRA"]
[SourceTitle "playchess.com"]
[Source "ChessBase"]
[SourceQuality "1"]

{[%evp 17,77,0,0,0,7,5,33,40,19,13,18,8,22,4,34,20,20,27,22,0,23,31,22,31,37,18,21,21,18,31,17,24,32,27,108,75,87,80,174,168,186,182,220,213,191,196,306,279,452,452,547,547,539,535,679,669,740,767,890,887,812,791]} 1. d4 d5 2. c4 dxc4 3. e3 e5 4. Bxc4 exd4 5. exd4 Bd6 6. Nf3 Nf6 7. O-O O-O 8. h3 Nc6 9. Nc3 h6 10. Qc2 {D20: Queen's Gambit Accepted: 3 e3 and 3 e4.} Nb4 11. Qb1 Be6 12. Bxe6 {White is slightly better.} fxe6 13. Re1 Qd7 14. Bd2 Rae8 15. Ne4 {[#]} Nc6 $146 ({Predecessor:} 15... Nxe4 16. Rxe4 Nd5 17. Qd3 Rf5 18. Rae1 Nf6 19. R4e2 Nd5 20. Re4 Nf6 21. R4e2 Nd5 22. Re4 Nf6 {½-½ (22) Avrukh,B (2576)-Golod,V (2578) Jerusalem 2013}) 16. Nxf6+ Rxf6 17. Qe4 Ref8 18. Be3 Qf7 19. Ne5 Bxe5 $1 20. dxe5 Qg6 21. Bxa7 Qxe4 22. Rxe4 Rf4 23. Rxf4 Rxf4 $11 {[%mdl 4096] Endgame KRB-KRN} 24. Be3 Re4 25. Rd1 {Threatens to win with Rd7.} Nxe5 (25... Nb4 $11) 26. Rd8+ Kf7 27. b3 c6 (27... Ke7 $16 28. Rc8 Kd6) 28. Kf1 $18 Kf6 29. Ke2 Rb4 {[#]} 30. Bc5 $1 {[%cal Rc5b4]} Re4+ 31. Kd2 Ng6 (31... Rh4 {was called for.} 32. a4 Rh5) 32. g3 Kf5 $2 (32... Re5 {is a better defense.}) 33. Bd4 {White is clearly winning.} Ne5 34. Rf8+ Kg6 35. Bc3 Nd7 36. Rd8 Ne5 37. f4 Nf7 38. Rd7 b5 39. Kd3 {Accuracy: White = 96%, Black = 48%.} 1-0

[Event "34th Cannes Open 2020"]
[Site "Cannes"]
[Date "2020.02.18"]
[Round "3.3"]
[White "Nasuta, Grzegorz"]
[Black "Guichard, Pauline"]
[Result "1/2-1/2"]
[WhiteElo "2561"]
[BlackElo "2412"]
[Annotator "TA"]
[PlyCount "89"]
[EventDate "2020.02.17"]
[EventType "swiss"]
[EventCountry "FRA"]
[SourceTitle "playchess.com"]
[Source "ChessBase"]
[SourceQuality "1"]

{[%evp 22,89,20,0,15,15,18,20,46,0,15,15,0,-4,0,-2,0,0,19,17,10,0,0,0,0,0,0,-19,0,-21,0,-4,88,86,86,86,86,86,80,80,85,74,506,504,738,257,246,261,6199,5679,5510,5510,2422,864,808,0,1,0,0,0,0,0,0,0,0,0,0,0,0,0]} 1. e4 e5 2. Nf3 Nc6 3. Bc4 Nf6 4. d3 Bc5 5. c3 a6 6. O-O d6 7. Bb3 Ba7 8. Re1 O-O 9. h3 h6 10. Nbd2 Re8 11. Nf1 Be6 12. Ng3 Qd7 {C54: Giuoco Piano: 4 c3 Nf6, main lines with 5 d4 and 5 d3.} 13. Bc2 d5 14. exd5 {[#]} Qxd5 $146 ({Predecessor:} 14... Bxd5 15. Be3 Bxe3 16. Rxe3 Re7 17. Qe2 Rae8 18. b4 Re6 19. a4 Bxf3 20. Rxf3 Nd5 {1-0 (41) Perez Ponsa,F (2583)-Lesiege,A (2521) chess.com INT 2017}) 15. Be3 Bxe3 16. fxe3 Rad8 17. e4 Qc5+ 18. Kh2 Nh7 19. Rf1 Nf8 20. Nh4 Ne7 21. Nh5 Nh7 22. Qf3 Kh8 23. Qg3 {[%csl Gh5][%cal Rg3g7]} Rg8 $1 24. Bb3 Bxb3 25. axb3 Ng5 26. Nf5 Ng6 (26... Nxf5 $11 27. Rxf5 f6) 27. Nhxg7 $16 Rxg7 28. Nxg7 Kxg7 29. h4 Nxh4 30. Qxh4 {Rf5 is the strong threat.} Rxd3 31. Rf5 {Black must now prevent Raf1.} Qe3 $2 {[%mdl 8192]} (31... Qe7 $16 32. Kh1 f6) 32. Raf1 $18 {aiming for Rxf7+!} Rd6 {[#]} 33. Rxe5 $2 (33. Rxf7+ $1 {[%mdl 512]} Nxf7 34. Qe7 $1 {[%mdl 576] Double Attack} Qf4+ 35. Rxf4 exf4 36. e5) 33... Rg6 {intending ...Qe2.} 34. Qf2 Qd3 $2 {[#]} (34... Qxf2 35. Rxf2 Kf8) 35. Rxg5 $1 {[%mdl 576] Remove Defender} hxg5 (35... Rxg5 36. Qxf7+) 36. Qxf7+ {[%mdl 4160] Endgame Double Attack. KQR-KQR} Kh6 {[#]} 37. Qf8+ (37. Qe8 $142 $1 {[%mdl 512]} Kh7 38. Rf7+ Rg7 39. Rf3 Qxf3 40. gxf3) 37... Kh5 38. g4+ $2 (38. Rh1 $18 {Kg1+ would kill now.} Qxe4 39. Kg3+ Qh4+ 40. Rxh4+ gxh4+ 41. Kf4 Rg4+ 42. Kf3) 38... Kxg4 {The position is equal.} 39. Qf5+ Kh4 40. Rf3 {[%csl Gf3,Gh2][%cal Rf5h3]} Qe2+ 41. Kh1 {[%csl Gf3][%cal Rf5h3]} Qd1+ 42. Kg2 {[%csl Gf3,Gg2][%cal Rf5h3]} Qe2+ 43. Kh1 {[%csl Gf3][%cal Rf5h3]} Qd1+ 44. Kg2 {[%csl Gf3,Gg2][%cal Rf5h3]} Qe2+ 45. Kh1 {Accuracy: White = 82%, Black = 70%.} 1/2-1/2

[Event "34th Cannes Open 2020"]
[Site "Cannes"]
[Date "2020.02.18"]
[Round "3.4"]
[White "Joie, Sebastien"]
[Black "Gukesh D"]
[Result "1/2-1/2"]
[WhiteElo "2421"]
[BlackElo "2542"]
[Annotator "TA"]
[PlyCount "42"]
[EventDate "2020.02.17"]
[EventType "swiss"]
[EventCountry "FRA"]
[SourceTitle "playchess.com"]
[Source "ChessBase"]
[SourceQuality "1"]

{[%evp 9,42,-15,8,-6,-20,-22,-8,-35,-29,-38,-25,-30,-14,-26,0,0,0,0,-6,0,0,-5,6,9,12,0,0,0,16,22,21,35,34,33,29]} 1. c4 e6 2. g3 d5 3. d4 dxc4 4. Nf3 c5 5. Qa4+ Nc6 6. dxc5 {D30: Queen's Gambit Declined: Systems without Nc3.} Bxc5 7. Bg2 Qa5+ {[#]} 8. Nc3 $146 {The position is equal.} (8. Qxa5 {feels hotter.} Nxa5 9. O-O Ne7 10. Nc3 O-O 11. Rd1) ({Predecessor:} 8. Qxa5 Nxa5 9. O-O Nf6 10. Bd2 Nc6 11. Rc1 O-O 12. Rxc4 Bb6 13. Nc3 e5 14. Na4 {½-½ (36) Stupak,K (2570)-Bernadskiy,V (2543) Kavala 2017}) 8... Qxa4 9. Nxa4 Bb4+ 10. Bd2 Bd7 11. O-O Nf6 12. Bxb4 Nxb4 13. Nc5 b6 14. Nxd7 Nxd7 15. Nd4 Rd8 16. a3 $36 {[%mdl 2048] White has the initiative.} Nd5 17. Nb5 Nc5 18. Nxa7 Ne7 (18... Rd7 $5 {[%cal Rd7a7]} 19. Nc6 Rd6 20. Bxd5 exd5 $11) 19. Rad1 O-O 20. Nc6 Nxc6 21. Bxc6 Nb3 {Accuracy: White = 93%, Black = 100%.} 1/2-1/2

[Event "34th Cannes Open 2020"]
[Site "Cannes"]
[Date "2020.02.18"]
[Round "3.6"]
[White "Barseghyan, Harutyun"]
[Black "Ondersteijn, Niels"]
[Result "1-0"]
[WhiteElo "2448"]
[BlackElo "2389"]
[Annotator "TA"]
[PlyCount "119"]
[EventDate "2020.02.17"]
[EventType "swiss"]
[EventCountry "FRA"]
[SourceTitle "playchess.com"]
[Source "ChessBase"]
[SourceQuality "1"]

{[%evp 16,119,21,13,20,20,25,29,25,33,38,34,27,35,35,30,59,52,56,55,59,59,65,76,77,77,77,66,66,71,69,61,50,45,50,60,52,58,54,33,43,33,35,28,44,16,24,8,8,6,265,270,351,351,351,351,363,304,444,421,638,639,573,574,556,545,638,551,548,548,548,548,548,544,5306,4698,5297,2644,2298,766,1108,1152,2131,2532,1620,1403,29965,29966,29976,29977,29979,29980,29980,29978,29978,0,29980,29979,29982,29984,29983,29985,29984,29984,29985,29986]} 1. d4 Nf6 2. Nf3 g6 3. Nbd2 c5 4. dxc5 Qa5 5. a3 Qxc5 6. b4 Qc7 7. Bb2 Bg7 8. c4 O-O 9. e3 a5 {A48: 1 d4 Nf6 2 Nf3 g6: Torre, London and Colle Systems.} 10. Be2 d6 11. O-O {[#]} Bg4 $146 {White has an edge.} ({Predecessor:} 11... Nc6 12. Qb3 Bd7 13. Rfc1 axb4 14. axb4 Rxa1 15. Rxa1 Rc8 16. Bc3 Nd8 17. Ra3 Ne6 18. Qa2 {½-½ (40) Komissarov,A (2203)-Krylov,M (2476) Moscow 2018}) 12. h3 Bxf3 13. Bxf3 axb4 14. axb4 Rxa1 15. Qxa1 Na6 16. Bc3 Rc8 17. Rb1 Ne8 18. Bd4 Nb8 19. c5 dxc5 20. bxc5 Nc6 21. Bxg7 Nxg7 22. Nc4 Ne6 23. Rb5 Rb8 24. Bd5 Ncd8 25. Qa7 Rc8 26. Nb6 Nc6 27. Qa1 Rd8 28. Bxe6 fxe6 29. Nc4 Rd5 30. f4 Nd8 31. Qa5 Qxa5 32. Nxa5 $11 {[%mdl 4096] Endgame KRN-KRN} b6 $2 {[%mdl 8192] [#]} (32... Kf7 $11 {and Black has nothing to worry.}) 33. c6 $1 $18 {[%cal Rc6c7] Hoping for c7!} ({Less strong is} 33. Rxb6 Rxc5 34. Nb3 Rd5 $14) 33... Nxc6 (33... Rxb5 $2 {too greedy.} 34. c7 $18) 34. Rxd5 Nxa5 {KR-KN} 35. Rb5 Nc4 36. Kf2 h5 (36... Nd6 {was called for.}) 37. Rb4 b5 (37... Nd6 $142 38. e4 b5) 38. Rxb5 Nd6 39. Re5 Kf7 40. e4 Nc4 41. Rc5 Nd6 42. Ke3 Ne8 43. g3 Nf6 44. Kd4 Nh7 45. Rc8 Kg7 46. Re8 (46. e5 $142 g5 47. fxg5 Nxg5 48. h4 Nf3+ 49. Ke4) 46... Kf7 47. Rd8 Kg7 48. g4 hxg4 49. hxg4 g5 50. Ke5 gxf4 51. Kxf4 Kf6 {[#]} 52. g5+ $1 Kf7 (52... Nxg5 53. e5+) 53. Kg4 Kg6 54. Rg8+ Kf7 55. Rd8 Kg6 56. Ra8 {White mates.} Kf7 57. Kh5 Nf8 {[#]} 58. Rxf8+ $1 {[%mdl 576] Deflection} Kxf8 59. Kg6 e5 60. Kh7 {Accuracy: White = 93%, Black = 63%.} 1-0

[Event "34th Cannes Open 2020"]
[Site "Cannes"]
[Date "2020.02.19"]
[Round "4.1"]
[White "Barseghyan, Harutyun"]
[Black "Zeng, Chongsheng"]
[Result "1/2-1/2"]
[WhiteElo "2448"]
[BlackElo "2567"]
[Annotator "TA"]
[PlyCount "233"]
[EventDate "2020.02.17"]
[EventType "swiss"]
[EventCountry "FRA"]
[SourceTitle "playchess.com"]
[Source "ChessBase"]
[SourceQuality "1"]

{[%evp 9,233,0,12,7,7,0,0,-8,0,-6,0,-8,8,-9,-10,-17,-18,-20,-17,-22,0,0,0,-24,0,-6,0,-10,-8,-5,0,0,0,-16,-13,-8,0,0,0,0,0,-15,0,-47,-22,-18,-7,-12,-12,-21,-26,-25,-9,-21,0,-7,0,0,0,-29,-28,-38,0,-24,-23,-33,0,-25,0,0,0,0,0,0,0,0,0,0,4,0,0,0,0,0,0,0,0,0,0,0,0,0,0,0,0,0,0,0,0,0,0,0,0,0,0,0,0,0,0,0,0,0,289,287,450,456,460,360,442,191,181,148,177,0,41,0,0,0,0,0,0,-85,0,0,0,-200,-166,-300,-320,-315,0,0,0,-237,0,0,0,0,0,0,0,0,0,0,0,0,0,0,0,-211,-243,-458,-461,-432,-408,-393,-33,-83,0,0,0,0,0,0,0,0,0,0,0,-307,0,0,0,0,0,0,0,0,0,0,0,0,0,0,0,0,0,0,0,0,0,0,0,0,0,0,0,0,0,0,0,0,0,0,0,0,0,0,0,0,0,0,0,0,0,0]} 1. d4 Nf6 2. Nf3 e6 3. Bf4 c5 4. e3 Nc6 5. Nbd2 h6 6. h3 {A46: 1 d4 Nf6 2 Nf3 e6: Torre, London and Colle Systems.} d5 7. c3 Bd6 8. Bxd6 Qxd6 9. Bb5 O-O 10. O-O {[#]} Rd8 $146 ({Predecessor:} 10... Bd7 11. Re1 a6 12. Bxc6 Bxc6 13. Ne5 Be8 14. Ndf3 Ne4 15. Nd2 Nxd2 16. Qxd2 f6 {½-½ (32) Yatzenko,A (2383)-Ponkratov,P (2621) Sochi 2019}) 11. Qc2 Bd7 12. Bxc6 Bxc6 13. Ne5 Bb5 14. Rfe1 Rac8 15. a4 Be8 16. Qb3 Qa6 17. Qa3 Ne4 18. Nef3 Nxd2 19. Nxd2 Qc6 20. a5 f6 21. Nb3 {[%cal Ra3c5]} b6 22. Nd2 Bg6 23. axb6 axb6 24. Qa4 Qc7 25. Qb5 Ra8 26. Nb3 Be8 27. Qe2 e5 28. Rxa8 Rxa8 29. Ra1 Rxa1+ 30. Nxa1 Qa7 31. Nc2 Bg6 32. Ne1 Qa1 33. Qd2 Kh7 34. f4 exf4 35. exf4 c4 36. Kf2 Be4 37. g4 $1 Kg8 38. Kg3 Kf7 39. f5 Ke7 40. Kh4 Qa8 41. Qh2 Kd7 42. Ng2 h5 43. Nf4 Qb8 44. Qg3 hxg4 45. hxg4 Kc6 46. Nh5 Qf8 47. Qg1 Kb5 48. Qh2 {With the idea Qc7.} Qe7 49. Nf4 Ka4 50. Qe2 Qd6 51. Qd1+ Kb5 52. Qd2 Qd7 53. Qe2 Ka5 54. Qd2 Qe8 55. Nh5 Qe7 56. Qe1 Kb5 (56... Qd6 {is interesting.} 57. Qf2 Qc7 58. Qe2 b5 59. Kh3 Ka4) 57. Qe2 Ka5 58. Ng3 b5 59. Qe1 Kb6 60. Qe3 Qd6 $2 {[%mdl 8192]} (60... Ka5 $11) 61. Kh5 $18 Qe7 {[#]} (61... Ka5 $142 62. Kg6 (62. Nxe4 Qe7 $16 {[%mdl 64] Pin}) 62... Qe7) 62. Kg6 $1 Ka5 {intending ...Ka4.} 63. Qc1 Bf3 64. Qf4 (64. Qa1+ $142 Kb6 65. Qa8) 64... Bd1 65. Nh5 Ka4 66. Nxg7 (66. Qd2 $18 Bxg4 67. Qc2+ Ka5 68. Nxg7) 66... Kb3 $1 $14 67. g5 (67. Nh5 $5 {[%cal Rh5f6]} Qe8+ 68. Kxf6 $16) 67... fxg5 68. f6 Bc2+ 69. Kxg5 Qf7 70. Qd6 (70. Nf5 $11 {keeps the balance.} Kxb2 71. Nh6 (71. Ne7 Be4 $11)) 70... Kxb2 (70... Qg6+ $17 71. Kf4 Qe4+ 72. Kg3 Qg6+ 73. Kf4 Qe4+ 74. Kg3 Qe1+ 75. Kg4 Qg1+ 76. Kh4 Qf2+ 77. Kg4 Kxb2 78. Qb4+ Kc1) 71. Qb4+ {[%mdl 64] Double Attack} Kc1 72. Nf5 $2 (72. Qe7 $11 {and White is okay.} Qg6+ 73. Kf4 Qh6+ 74. Ke5) 72... Qe6 $19 73. Ne7 (73. Nh6 {was worth a try.} Qe3+ 74. Kh5) 73... Qe3+ 74. Kg4 Qe4+ 75. Kg5 Qe3+ 76. Kg4 Bd1+ $2 (76... Qg1+ $19 77. Kf4 Qh2+ 78. Kg5 Qd2+ 79. Kg4 Qg2+ 80. Kf4 Qe4+ 81. Kg5 Qe3+) 77. Kf5 $11 Qe4+ 78. Kg5 Qg4+ 79. Kh6 Qf4+ 80. Kg6 $1 Qg3+ 81. Kf7 Qe3 {...Bh5+ is the strong threat.} 82. Qa3+ Kb1 $1 83. Qb4+ Kc2 {And now ...Bh5+ would win.} 84. Ke8 $2 {[#]} (84. Kg6 $11 Qg3+ 85. Kf7) 84... Qe6 $1 $19 ({Stronger than} 84... Qxc3 85. Qxb5 Bh5+ 86. f7 $11) 85. Qxb5 $2 (85. Qa3 {is a better defense.} Bh5+ 86. Kd8) 85... Bh5+ 86. Kd8 Qxf6 87. Qb4 Bf7 $2 ({Black should play} 87... Bg6 $19 {Hoping for ...Be4.} 88. Qc5 Kxc3) 88. Kc7 $1 $15 Qf3 (88... Qf4+ $17 89. Kc6 Qe4) 89. Qa4+ $11 Kd3 90. Qa3 Qf4+ 91. Kb7 Be8 92. Qb4 Qe4 93. Qd6 Kxc3 94. Kb6 $2 {[%mdl 8192]} (94. Kc7 $1 $11 {and White stays safe.}) 94... Qxd4+ $2 ({Don't do} 94... Kxd4 95. Qc5+ Ke5 96. Kc7 $19) (94... Bf7 $19 95. Nc6 Be8 96. Qb4+ Kc2 97. Qa4+ Kd2 98. Qa2+ Ke3 99. Qa3+ Kf2 100. Qf8+ Ke2) 95. Ka6 {The position is equal.} Bf7 {Threatens to win with ...Kd2.} 96. Nc6 Qf2 97. Qa3+ Kd2 98. Qb2+ Ke3 99. Qe5+ Kd2 {aiming for ...c3.} 100. Qb2+ Ke1 101. Qc3+ Qd2 102. Qg3+ Qf2 (102... Kd1 $5 103. Qf3+ $8 Qe2 104. Qxf7 c3+ 105. Kb6 Qb2+ 106. Kc5 Qa3+ 107. Kb6 Qb3+ 108. Kc5 (108. Kc7 c2 $11) 108... c2 109. Qf1+ Kd2 110. Qf2+ Kd1 111. Qf1+ Kd2 112. Qf2+ Kd1 113. Qf1+ $11) 103. Qc3+ Kf1 104. Nd4 Bg6 {White must now prevent ...Qf4.} 105. Qc1+ Kg2 (105... Qe1 $5 106. Qf4+ $8 Qf2 107. Qc1+ Kg2 108. Qg5+ {[%mdl 64] Double Attack} Qg3 109. Qd2+ Kh3 110. Qh6+ Qh4 111. Qe3+ Qg3 112. Qh6+ Qh4 113. Qe3+ Qg3 114. Qh6+ $11) 106. Qg5+ {[%mdl 64] Double Attack} Qg3 107. Qxd5+ Kf2 108. Nb5 Qd3 109. Qc5+ Ke2 110. Qe5+ Kd2 111. Ka5 Qd8+ 112. Kb4 Qf8+ 113. Qd6+ Qxd6+ {[%mdl 64] Overworked Piece} 114. Nxd6 c3 {( -> ...c2)} 115. Nb5 c2 116. Nd4 c1=N (116... c1=Q $5 117. Nb3+ $8 {[%mdl 64] Double Attack} Ke3 118. Nxc1 Bh7 $11) 117. Nb3+ {Accuracy: White = 83%, Black = 84%.} 1/2-1/2

[Event "34th Cannes Open 2020"]
[Site "Cannes"]
[Date "2020.02.19"]
[Round "4.2"]
[White "Sadzikowski, Daniel"]
[Black "Lettieri, Giuseppe"]
[Result "1-0"]
[WhiteElo "2514"]
[BlackElo "2438"]
[Annotator "TA"]
[PlyCount "96"]
[EventDate "2020.02.17"]
[EventType "swiss"]
[EventCountry "FRA"]
[SourceTitle "playchess.com"]
[Source "ChessBase"]
[SourceQuality "1"]

{[%evp 9,96,20,24,30,16,20,27,17,28,25,27,30,29,29,35,24,44,47,54,48,43,46,47,54,72,68,63,61,66,65,61,46,47,41,72,58,88,86,93,97,97,84,107,98,103,102,112,108,152,152,199,199,198,198,198,197,198,192,205,205,189,190,264,257,240,256,264,250,253,253,251,250,319,319,503,471,618,608,1092,1075,908,883,29982,29983,29983,29984,29984,29985,29987]} 1. e4 c5 2. Nf3 d6 3. Bb5+ Nd7 4. c3 Ngf6 5. Bd3 g6 6. O-O {B51: Sicilian: Moscow Variation (3 Bb5+) without 3...Bd7.} Bg7 7. Bc2 O-O 8. d4 {White has an edge.} e5 9. dxe5 Nxe5 10. Nxe5 dxe5 11. Qe2 {[#]} Be6 $146 ({Predecessor:} 11... Bg4 12. f3 Be6 13. a4 c4 14. Be3 Qc7 15. Na3 a6 16. Qf2 Nd7 17. Rfd1 Rfe8 {0-1 (46) Anton Guijarro,D (2642)-Potkin,V (2597) St Petersburg 2018}) 12. Rd1 Qc7 13. c4 Rad8 14. Nc3 Rxd1+ 15. Bxd1 Nd7 16. Be3 a6 17. Ba4 Nb6 18. Bb3 Rd8 19. Rc1 Bf8 20. a3 Nd7 21. Ba2 Nb8 22. Nd5 Qc8 {White now steadily converts the win.} 23. Bg5 $36 {[%mdl 2048] White has strong initiative.} Nc6 24. Bxd8 Qxd8 25. Bb3 h5 26. Bd1 Bh6 27. Rc3 {[%cal Bc1c3,Bc3d3,Bd3d8][%mdl 32]} a5 28. Rd3 Kg7 29. Nf4 Bxc4 {[#] aiming for ...Nd4.} 30. Ne6+ $1 {[%mdl 512]} fxe6 (30... Bxe6 31. Rxd8) 31. Rxd8 {[%mdl 64] Discovered Attack} Bxe2 32. Rd7+ {[%mdl 64] Double Attack} Kf6 {...Bxd1 is the strong threat.} 33. Bxe2 $18 {[%mdl 4096] Endgame KRB-KBN} Nd4 34. Bf1 b5 35. Rb7 c4 {[#]} (35... b4 $142 36. Bc4 Bc1 37. axb4 axb4) 36. a4 $1 {[%cal Ra4b5][%mdl 512]} bxa4 37. Bxc4 Bc1 38. Bb5 a3 39. bxa3 Bxa3 40. Be8 Be7 41. h4 Ne2+ (41... a4 $142 42. Bxa4 Kf7) 42. Kf1 Nc1 43. f3 a4 44. g4 hxg4 45. fxg4 a3 46. g5+ {White mates.} Kg7 47. Rxe7+ Kf8 48. Ra7 Nb3 {Accuracy: White = 100%, Black = 60%.} 1-0